000 00585nam a2200181Ia 4500
005 20260601193219.0
008 260601s9999||||xx |||||||||||||| ||und||
020 _a978-981-99-6070-5
_qebk
100 _aSoumi Majumder
245 4 _aThe Vogue of Managing People in Workplace
250 _a2024
260 _aHeidelberg, Germany
_bSpringer Nature
_c2024
440 _aInnovations in Sustainable Technologies and Computing
650 _aComputer Science
700 _aNilanjan Dey
856 _uhttps://link.springer.com/openurl?genre=book&isbn=978-981-99-6070-5
942 _cEB
_2ddc
999 _c55748
_d55748